| 000 | 00589nam a2200145Ia 4500 | ||
|---|---|---|---|
| 008 | 151213s9999 xx 000 0 und d | ||
| 100 | _aরুপান্তও : মোবাশ্বের আলী। | ||
| 245 |
_aদয়ালুরা _cরুপান্তও : মোবাশ্বের আলী। |
||
| 260 |
_aঢাকা _bবিশ্ব সাহিত্য কেন্দ্র। _c2000 |
||
| 300 | _a8757 p. | ||
| 650 | _aBangla | ||
| 650 | _aউপন্যাস | ||
| 700 | _aরুপান্তও : মোবাশ্বের আলী। | ||
| 999 |
_c4542 _d4542 |
||